Programming Expertise In Basic (Record no. 7658)

MARC details
000 -LEADER
fixed length control field 00357nam a2200145Ia 4500
008 - FIXED-LENGTH DATA ELEMENTS--GENERAL INFORMATION
fixed length control field 221030s9999 xx 000 0 und d
041 ## - LANGUAGE CODE
Language code of text/sound track or separate title
082 ## - DEWEY DECIMAL CLASSIFICATION NUMBER
Classification number 105.23
Item number Kan
100 ## - MAIN ENTRY--AUTHOR NAME
Personal name Y. Kanetkar
245 #0 - TITLE STATEMENT
Title Programming Expertise In Basic
Statement of responsibility, etc by Y. Kanetkar
260 ## - PUBLICATION, DISTRIBUTION, ETC. (IMPRINT)
Name of publisher BPB Pub
Place of publication New Delhi
Year of publication 2000
300 ## - PHYSICAL DESCRIPTION
Number of Pages 249
650 ## - SUBJECT ADDED ENTRY--TOPICAL TERM
Topical Term BE Computer
942 ## - ADDED ENTRY ELEMENTS (KOHA)
Koha item type Books
Holdings
Accession Number Full call number Price effective from Koha item type Withdrawn / writtenoff status Materials specified (bound volume or other part) Damaged status Not for loan Permanent Location Current Location Shelving location Date acquired Lost/ Missing status department Cost, normal purchase price
BE 4423 105.23 Kan 10/30/2022 Books   Print     MIET Library, Jammu MIET Library, Jammu BL-Academic Block C, FL-2, CUP-107, SH-5, R-5 12/22/2001   BE  
BE 4424 105.23 Kan 10/30/2022 Books   Print     MIET Library, Jammu MIET Library, Jammu BL-Acaemic Block C, FL-2, CUP-107, SH-5, R-5 12/22/2001   BE 90.00
BE 4425 105.23 Kan 10/30/2022 Books   Print   Not For Loan MIET Library, Jammu MIET Library, Jammu BL-Second, FL-1, CUP-54, SH-2, R-2 12/22/2001   BE 90.00
BE 4426 105.23 Kan 10/30/2022 Books   Print     MIET Library, Jammu MIET Library, Jammu BL-Academic Block C, FL-2, CUP-107, SH-5, R-5 12/22/2001   BE 90.00